000 00769nam a22002177a 4500
005 20161108123541.0
010 _aENG-116479
020 _c895.00
_a9780199466481
020 _c895.00
_a0199466483
035 _aEN-100011
037 _bDBAD/PUB
082 _a337.54051
245 _aPoised for partnership :
_cedited by Rohan Mukherjee [and] Anthony Yazaki
_bdeepending India-Japan relations in the Asian century /
260 _aNew Delhi
_bOxford University Press
_c2016
270 _aYMCA Library Building, 1 Jai Singh Road,
_bNew Delhi
_e110001
300 _axIi,347p.
_c23cm(Hb)
500 _aIncludes bibliographical references and index
700 _a Mukherjee, Rohan
700 _aYazaki, Anthony
942 _2ddc
_cEN
_mPOI
_h337.54051
999 _c104516
_d104516